| 000 | 00651nam a22002177a 4500 | ||
|---|---|---|---|
| 008 | 240706b mp ||||| |||| 00| 0 mon d | ||
| 035 | _a3477 | ||
| 040 |
_aBH0164090 _bmon _cMN-UlNLM _dMN-UlNLM _erda |
||
| 041 | _amon | ||
| 042 | _a54469 | ||
| 084 |
_2NNA _a84/2орос/ _bК-795 |
||
| 100 | _aКремнев Б. | ||
| 245 | 0 | _aВольфганг Амадей Моцорт | |
| 264 |
_aУлаанбаатар _bМон судар _c2004 |
||
| 300 | _a251х. | ||
| 336 |
_2rdacontent _atext _btxt |
||
| 337 |
_2rdamedia _aunmediated _bn |
||
| 338 |
_2rdacarrier _avolume _bnc |
||
| 650 | _aДэлхийн сод хүмүүс | ||
| 942 |
_2NNA _cBK |
||
| 999 |
_c1102906 _d1102963 |
||